Deus in Machina : Religion, Technology and the things in Between (Record no. 22447)

MARC details
000 -LEADER
fixed length control field 01698cam a2200205 a 4500
020 ## - INTERNATIONAL STANDARD BOOK NUMBER
ISBN 9780823249800 (cloth : alk. paper)
020 ## - INTERNATIONAL STANDARD BOOK NUMBER
ISBN 9780823249817 (pbk. : alk. paper)
082 00 - DEWEY DECIMAL CLASSIFICATION NUMBER
Classification number 201.66
Author Cutter STO
245 00 - TITLE STATEMENT
Title Deus in Machina : Religion, Technology and the things in Between
250 ## - EDITION STATEMENT
Edition statement 1st ed.
260 ## - PUBLICATION, DISTRIBUTION, ETC. (IMPRINT)
Place of publication New York :
Name of publisher Fordham University Press,
Year of publication 2013.
300 ## - PHYSICAL DESCRIPTION
Number of Pages x, 354 p. :
Other physical details ill. ;
505 0# - FORMATTED CONTENTS NOTE
Formatted contents note Religion, technology, and the things in between / Jeremy Stolow -- Calendar, clock, tower / John Durham Peters -- Ticking clock, vibrating string : how time sense oscillates between religion and machine / Wolfgang Ernst -- The electric touch machine miracle scam : body, technology, and the (dis)authentication of the pentecostal supernatural / Marleen de Witte -- The spiritual nervous system : reflections on a magnetic cord designed for spirit communication / Jeremy Stolow -- An empowered world : Buddhist medicine and the potency of prayer in Japan / Jason Ananda Josephson -- Does submission to God's will preclude biotechnological intervention? Lessons from Muslim dialysis patients in contemporary Egypt / Sherine F. Hamdy -- The canary in the Gemeinschaft? disability, film, and the Jewish question / Faye Ginsburg -- Thinking about Melville, religion, and machines that think / John Lardas Modern -- Amazing stories : how science fiction sacralizes the secular / Peter Pels -- Virtual vodou, actual practice : transfiguring the technological / Alexandra Boutros -- TV St. Claire / Maria José A. de Abreu.
650 #0 - SUBJECT ADDED ENTRY--TOPICAL TERM
Topical Term Technology - Religion Aspects
650 #0 - SUBJECT ADDED ENTRY--TOPICAL TERM
Topical Term Medicine
650 #0 - SUBJECT ADDED ENTRY--TOPICAL TERM
Topical Term Religion and science.
942 ## - ADDED ENTRY ELEMENTS (KOHA)
Koha item type Books
700 1# -
-- Stolow, Jeremy,
Holdings
Home library Current library Shelving location Date acquired Full call number Accession Number Koha item type
Henry Martyn Institute Library Henry Martyn Institute Library General stacks 10/31/2018 201.66 STO 11003817 Books
                   Copyright © 2026 | Henry Martyn Institute | Hyderabad | TS-500052 | INDIA | Implemented by hmi.edu.in
Hit-Count:

Powered by Koha